Sports Quiz

Random Sports or Word Play Quiz

Sports Pop-Ups Quiz Stats

 Plays Quiz Updated Aug 18, 2018

Score 0/10 Timer 05:00
1 Play Today
% Correct
Soccer/Football
99%
Track and Field
98.7%
Baseball
98.3%
Basketball
98.1%
Golf
97.2%
Hockey
97%
Football
96.3%
Skiing
95.8%
Tennis
95.5%
Bowling
90.1%

You're not logged in!

Compare scores with friends on all Sporcle quizzes.
OR
Log In

Sporcle TV

Today on Sporcle TV


Watch our educational content, quiz creation guides, and fun videos on Sporcle TV.

Show Comments

Extras

Top Quizzes Today


Score Distribution

Your Account Isn't Verified!

In order to create a playlist on Sporcle, you need to verify the email address you used during registration. Go to your Sporcle Settings to finish the process.

Report this User

Report this user for behavior that violates our Community Guidelines.

Details: